Responses for Show #4110 - Friday, June 14, 2002

Contestants

[<< previous game]

Brian O'Riordan, an audio/visual manager from San Diego, California

Marisa Griffin, an agricultural researcher from Griffin, Georgia

Rich Rosenlof, a sales representative from Sacramento, California (whose 3-day cash winnings total $80,800)

[next game >>]

Jeopardy! Round responses

U.S. HISTORY
EARTH, WIND OR FIRE
STAR TREK 101
A & _
SCUBA DOOBY DOO
WHERE ARE YOU?
    $200 1
Prohibition

Brian
    $200 12
earth

Brian
    $200 2
phasers

Rich
    $200 10
A&W

Rich
    $200 24
wetsuit

Marisa
    $200 14
India

Brian
    $400 3
(Ross) Perot

Rich
    $400 13
fire

Marisa
    $400 5
warp drive

Brian
    $400 19
A&Q

Rich
    $400 25
underwater

Marisa
    $400 15
English Channel

Brian
    $600 4
AFL and CIO

Brian
    $600 20
wind

Marisa
    $600 6
Gene Roddenberry

Brian
    $600 23
A&E

Marisa
    $600 28
snorkels

Rich
    $600 16
Rijksmuseum

Triple Stumper
    $800 9
(Brian: Who is Perry?)

George Dewey

Brian
Triple Stumper
    $800 21
earth

Rich
    $800 7
Starfleet

Brian
    $800 26
Texas A&M

Rich
    $800 29
regulator

Rich
    $800 17
Trevi Fountain

Rich
    $1,000 11
(Rich: What is the Abolition Party?)

Republican

Rich
    $1000 22
wind

Brian
    $1000 8
(Alex: Have you ever seen the show, Star Trek?)
(Brian: Once or twice.)
[Laughter and applause]

acquisition

Brian
    $1000 27
A&P (Atlantic & Pacific)

Rich
    $1000 30
buoyancy

Triple Stumper
    $1000 18
Mont Blanc

Brian

Scores at the first commercial break (after clue 13):

Rich Marisa Brian
-$200 $400 $3,000

Scores at the end of the Jeopardy! Round:

Rich Marisa Brian
$5,000 $2,200 $5,600

Double Jeopardy! Round responses

WHO'S A SAINT?
STATUARY HALL
(Alex: Name the state represented by the person whose statue I will name.)
THE 1960s
FILMED IN ASIA
LAB EQUIPMENT
CROSSWORD CLUES "P"
    $400 9
(Brian: Who is John the Baptist?)

St. Christopher

Brian
Triple Stumper
    $400 10
(Marisa: What is Georgia?)

Virginia

MarisaBrian
    $400 4
Robert Frost

Marisa
    $400 18
The Deer Hunter

Brian
    $400 1
microscope

Marisa
    $400 23
Pinball

Marisa
    $800 17
the Confessor

Brian
    $800 11
Massachusetts

Rich
    $800 5
Roger Maris

Brian
    $800 19
Anna and the King

Brian
    $800 2
a balance

Rich
    $800 24
psoriasis

Rich
    $1200 28
Milan

Triple Stumper
    $1200 12
(Brian: What is Virginia?)
(Marisa: What is Tennessee?)

Mississippi

RichMarisaBrian
    $1200 6
Neil Armstrong

Brian
    $1200 20
The Year of Living Dangerously

Brian
    $1200 3
still

Brian
    $1200 25
Pickwick

Brian
    $1,400 29
(Brian: Who is Bahamas?)
...
(Alex: The Dominican Republic named for [*].)

St. Dominic

Brian
    $2,000 13
(Rich: What is Illinois?)
[Said like "Illinoise"]

Kentucky

Rich
    $1600 7
(Marisa: What is the Last Supper?)
(Brian: What is David?)

Pieta

RichMarisaBrian
    $1600 21
Love is a Many-Splendored Thing

Triple Stumper
    $1600 15
Bunsen burner

Rich
    $1600 26
philosophy

Triple Stumper
    $2000 30
(Marisa: What is a fairy tale?)
(Rich: What are myths?)

bestiaries

RichMarisa
Triple Stumper
    $2000 14
(Brian: What is Rhode Island?)
(Rich: What is Connecticut?)
(Alex: You guys are going backwards now.)
[The totals for the players were $6400 lower after the category.)

New Hampshire

RichBrian
Triple Stumper
    $2000 8
Pueblo

Brian
    $2000 22
The World of Suzie Wong

Triple Stumper
    $2000 16
(Marisa: What is density?)

tension

RichMarisa
    $2000 27
Père

Brian

Scores at the end of the Double Jeopardy! Round:

Rich Marisa Brian
$7,800 -$3,800 $11,000

[wagering suggestions for these scores]

Final Jeopardy! Round responses

COLLEGE FOOTBALL
RichWho was Gipp?
$4,000
BrianWho is Amos Alonzo Stagg John Heisman
$7,000
John Heisman

Final scores:

Rich Marisa Brian
$3,800 -$3,800 $18,000
2nd place: $2,000 3rd place: $1,000 New champion: $18,000

Game dynamics:

Coryat scores:

Rich Marisa Brian
$10,800 -$3,800 $12,400
17 R,
4 W
(including 2 DDs)
8 R,
5 W
22 R,
6 W
(including 1 DD)

Combined Coryat: $19,400

[game clues] [game scores] [suggest correction]

Game tape date: 2002-02-19
The J! Archive is created by fans, for fans. Scraping, republication, monetization, and malicious use prohibited; this site may use cookies and collect identifying information. See terms. The Jeopardy! game show and all elements thereof, including but not limited to copyright and trademark thereto, are the property of Jeopardy Productions, Inc. and are protected under law. This website is not affiliated with, sponsored by, or operated by Jeopardy Productions, Inc. Join the discussion at JBoard.tv.